000 00334nam a2200145Ia 4500
100 _aBalasubramania/ C.
942 _cBK
654 _aComputer
245 _aANSI C: with Microsoft C.S.I. & Quick C 2.0
260 _bTata Mc Graw hill
_aNew Delhi
_c1992
082 _a5.13
_bPAN
300 _a360
546 _aENGLISH
999 _c22387
_d22387